| 000 | 00734cam a2200265 i 4500 | ||
|---|---|---|---|
| 999 |
_c8907 _d8907 |
||
| 001 | 8907 | ||
| 003 | BD-JhCC | ||
| 005 | 20180925122407.0 | ||
| 008 | 750428s1963 ny a b 001 0 eng | ||
| 035 | _a(BD-JhCC)8907 | ||
| 040 |
_aDLC _cDLC _dDLC _dICU |
||
| 041 | _aeng | ||
| 050 | 0 | 0 |
_aQC176 _b.O38 |
| 082 | 0 | 0 |
_a530 _bSTA 1963 |
| 100 | 1 | _aStarling, S.G. | |
| 245 | 1 | 0 |
_aPhysics / _c S.G.Starling, A.J. Woodall |
| 260 |
_aGreat Briten : _bThe English Language book society _c1963 |
||
| 300 |
_axv, 669 p. : _bill. ; _c24 cm. |
||
| 440 | 0 | _aAddison-Wesley series in solid state sciences | |
| 504 | _aIncludes bibliographies and index. | ||
| 650 | 0 | _aphysics. | |
| 700 | _aWoodall, A.J. | ||
| 942 |
_2ddc _cBK |
||